| 000 | 00532nam a2200205Ia 4500 | ||
|---|---|---|---|
| 003 | OSt | ||
| 005 | 20221007112526.0 | ||
| 006 | a|||||r|||| 00| 0 | ||
| 007 | ta | ||
| 008 | 221006b |||||||| |||| 00| 0 eng d | ||
| 024 | _a28,378 | ||
| 037 | _cAnnuals, Advances | ||
| 040 |
_aLCO _cLCO _beng |
||
| 041 |
_2eng _aeng |
||
| 245 | 0 | _aSUPREME COURT SERVICE LAW JUDGMENTS | |
| 260 |
_aAllahabad _bLaw Pub. House India _c1935 |
||
| 490 | _v1935-1973 | ||
| 942 | _cREF | ||
| 999 |
_c1197941 _d1197941 |
||